Theo dõi, dự báo nhanh, chính xác các hiện tượng thời tiết /

Сохранить в:
Библиографические подробности
Главный автор: Lê Thanh Hải.
Формат: Статья
Язык:Vietnamese
Предметы:
Метки: Добавить метку
Нет меток, Требуется 1-ая метка записи!
Thư viện lưu trữ: Thư viện Trường Đại học Đà Lạt
LEADER 00787nam a2200265 4500
001 DLU150170845
005 ##20150909
040 # # |a DLU  |b vie 
041 # # |a vie 
044 # # |a vn 
100 # # |a Lê Thanh Hải. 
245 # # |a Theo dõi, dự báo nhanh, chính xác các hiện tượng thời tiết /  |c Lê Thanh Hải. 
653 # # |a Dự báo 
653 # # |a Hiện tượng thời tiết 
653 # # |a Quản lý 
773 # # |t Tạp chí Tài nguyên & Môi trường  |g Số24(182), 2013, tr. 40-41 
920 # # |a Phòng Tạp chí -- Trung tâm Thông tin - Thư viện Trường Đại học Đà Lạt 
994 # # |a DLU 
900 # # |a True 
911 # # |a Nguyễn Thị Mai Anh 
925 # # |a G 
926 # # |a A 
927 # # |a BB 
980 # # |a Thư viện Trường Đại học Đà Lạt